Countries With the Best Education System - Statistics

General Stats
  • This quiz has been taken 95 times
  • The average score is 9 of 10
Answer Stats
Country % Correct
Finland
95%
Sweden
92%
Japan
88%
United Kingdom
88%
Germany
87%
Denmark
86%
Norway
85%
Canada
82%
Switzerland
78%
Australia
75%
No matching quizzes found
Score Distribution
Percent of People with Each Score
Percentile by Number Answered
Your Score History
You have not taken this quiz